Application of real-time PCR methods in population genetics

Elmentve itt :
Bibliográfiai részletek
Szerző: Somogyvári Ferenc
További közreműködők: Mándi Yvette (Témavezető)
Dokumentumtípus: Disszertáció
Megjelent: 2003
Tárgyszavak:
mtmt:2741752
Online Access:http://doktori.ek.szte.hu/131
LEADER 00875nta a2200205 i 4500
001 dokt131
005 20200207143746.0
008 100514s2003 hu om 0|| eng d
024 7 |a 2741752  |2 mtmt 
040 |a SZTE Doktori Repozitórium  |b hun 
041 |a eng 
100 1 |a Somogyvári Ferenc 
245 1 0 |a Application of real-time PCR methods in population genetics  |h [elektronikus dokumentum] /  |c  Somogyvári Ferenc 
260 |c 2003 
502 |a Disszertacio 
650 4 |a biológiai tudományok 
700 1 |a Mándi Yvette  |e ths 
856 4 0 |u https://doktori.bibl.u-szeged.hu/id/eprint/131/1/2003_somogyvari_ferenc.pdf  |z Dokumentum-elérés  
856 4 0 |u https://doktori.bibl.u-szeged.hu/id/eprint/131/2/2003_somogyvari_ferenc_tezis_eng.pdf  |z Dokumentum-elérés  
856 4 0 |u https://doktori.bibl.u-szeged.hu/id/eprint/131/3/2003_somogyvari_ferenc_publikaciok.pdf  |z Dokumentum-elérés